000 00717nam a2200301Ia 4500
005 20260330160906.0
008 008 300114s9999 xx 000 0 eng d
020 _a9789339215231
037 _aEBOOK
040 _aCRL
040 _beng
040 _cCRL
041 _2eng
041 _aeng
084 _qCRL
100 _aGODBOLE
_9225160
245 0 _aDATA COMMUNICATIONS AND NETWORKS EXP
250 _a2
260 _bMcgraw Hill
260 _c2011
365 _aINR
365 _b60900
650 _aComputer Science
856 _uhttps://resolver.vitalsource.com/9789339215231/?brand=mcgrawhillindia.vitalsource.com
942 _cEBOOK
999 _c1844156
_d1844156